000 00321nam a22001217a 4500
008 230704b xxu||||| |||| 00| 0 eng d
082 _a364.1323
_bWB
110 _bWorld Bank
245 _ahelping countries Combat
_bcorruption
_cThe role of the World bank
260 _bWorld Bank
_c1997
300 _a70p
942 _2ddc
_cBK
999 _c3908
_d3908